[Event "SV Mülheim-Nord 2 - SV Erkenschwick 1"]
[Site "Oberliga NRW 2013/2014"]
[Date "2013.10.06"]
[Round "2.8"]
[White "Bus, Tom"]
[Black "Eggenstein, Frank"]
[Result "1-0"]
[WhiteElo "2079"]
[BlackElo "1943"]
[Annotator "Doe,John"]
[PlyCount "109"]
[EventDate "2013.??.??"]
[WhiteTeam "SV Mülheim-Nord 2"]
[BlackTeam "SV Erkenschwick 1"]

1. c4 Nf6 2. g3 g6 3. Bg2 Bg7 4. Nc3 d6 5. d3 O-O 6. e4 e5 7. Nge2 Be6 8. O-O
c6 9. b3 Qd7 10. d4 Bh3 11. d5 c5 12. f3 Bxg2 13. Kxg2 h5 14. Be3 Kh7 15. Qd2
Ng8 16. Ng1 Qe7 17. Nh3 Nd7 18. Ng5+ Kh8 19. a3 Ngf6 20. Rac1 Ne8 21. b4 b6 22.
Na4 Bf6 23. Nh3 Bg7 24. Nb2 Nef6 25. Nd3 Rfc8 26. Rc2 Kg8 $11 27. Rb1 Nf8 28.
bxc5 bxc5 29. Rcb2 Rc7 30. Qa5 Rac8 31. Qa6 Qd7 32. Nhf2 Re8 33. Bd2 Qe7 34.
Rb7 Ra8 35. Ba5 Rd7 36. Qc6 Rxb7 37. Rxb7 Qe8 38. Qxd6 Qa4 39. Qe7 N6d7 40.
Nxc5 Qxa5 41. Nxd7 Nxd7 42. Qxd7 Rf8 43. Qe7 Qd2 44. c5 Bh6 45. Qxe5 Bg7 46.
Qf4 Qe2 47. e5 Bxe5 48. Qe4 Qa6 49. d6 Bd4 50. Rxa7 Qxa7 51. Qxd4 Rd8 52. Ne4
Qxa3 53. Nf6+ Kf8 54. Nxh5 Ke8 55. Qe4+ 1-0

[Event "SV Dinslaken 1 - SK Münster 1"]
[Site "Oberliga NRW 2013/2014"]
[Date "2013.10.06"]
[Round "2.1"]
[White "Cuijpers, Frans Andre"]
[Black "Trella, Thomas"]
[Result "1/2-1/2"]
[WhiteElo "2414"]
[BlackElo "2375"]
[PlyCount "98"]
[EventDate "2013.??.??"]
[WhiteTeam "SK Münster 1"]
[BlackTeam "SV Dinslaken 1"]

1. e4 e6 2. d4 d5 3. Nc3 Nc6 4. Nf3 Nf6 5. e5 Ne4 6. Ne2 f6 7. Ng3 fxe5 8. dxe5
Be7 9. Bb5 Bd7 10. Bxc6 bxc6 11. Be3 Nxg3 12. hxg3 Qb8 13. b3 Qb4+ 14. Kf1 Qe4
15. Qd3 Qxd3+ 16. cxd3 c5 17. Rc1 d4 18. Bg5 Bf8 19. b4 cxb4 20. Rxc7 a5 21.
Ke2 a4 22. Nxd4 Ra5 23. Rhc1 Rxe5+ 24. Be3 Rd5 25. Rb7 Bd6 26. Nc6 Bxc6 27.
Rxc6 O-O 28. Ra6 Bc5 29. Bxc5 Rxc5 30. f4 Rc2+ 31. Kf3 Rxa2 32. Rxb4 Rd8 33.
Ra7 Rxd3+ 34. Ke4 Rb3 35. Raxa4 Rxa4 36. Rxa4 Rxg3 37. Ra2 Kf7 38. Ke5 Re3+ 39.
Kd4 Re1 40. g4 Rg1 41. g5 Re1 42. Rh2 Kg6 43. Rh3 h6 44. gxh6 gxh6 45. Kd3 h5
46. Rh2 e5 47. fxe5 Rxe5 48. Re2 Ra5 49. Ke3 Kg5 1/2-1/2

[Event "SV Dinslaken 1 - SK Münster 1"]
[Site "Oberliga NRW 2013/2014"]
[Date "2013.10.06"]
[Round "2.2"]
[White "Sielecki, Christof"]
[Black "Bosboom, Manuel"]
[Result "1/2-1/2"]
[WhiteElo "2379"]
[BlackElo "2399"]
[PlyCount "148"]
[EventDate "2013.??.??"]
[WhiteTeam "SV Dinslaken 1"]
[BlackTeam "SK Münster 1"]

1. Nf3 d6 2. d4 Nd7 3. e4 g6 4. Bc4 e6 5. h4 h6 6. Qe2 Bg7 7. e5 Ne7 8. Bf4 Nb6
9. Bd3 Ned5 10. Bd2 dxe5 11. dxe5 a5 12. a3 Na4 13. c4 Ndb6 14. Bc1 Bd7 15.
Nbd2 Nc5 16. Bc2 Bc6 17. b3 Qd7 18. Bb2 Rd8 19. Bd4 Bxf3 20. Nxf3 Qe7 21. Qe3
Ncd7 22. Be4 a4 23. Bxb7 c5 24. Bb2 O-O 25. Bc6 Rb8 26. Bb5 Nd5 27. Qd3 Rxb5
28. cxb5 axb3 29. Qxb3 Rc8 30. Rc1 N7b6 31. Nd2 Qb7 32. Ne4 c4 33. Qf3 Na4 34.
Nd6 Qd7 35. Bd4 c3 36. b6 Rb8 37. O-O Naxb6 38. Bxc3 Nxc3 39. Qxc3 Nd5 40. Qg3
h5 41. Rc4 Rd8 42. Rb1 Bxe5 43. Qxe5 Qxd6 44. Qxd6 Rxd6 45. a4 Kg7 46. a5 Kf6
47. Ra1 Ra6 48. Kf1 Ke5 49. Ke2 f6 50. g3 g5 51. hxg5 fxg5 52. Rc8 Kf5 53. Kd3
h4 54. gxh4 gxh4 55. Kc4 Ra7 56. Kb5 Rb7+ 57. Kc6 Rh7 58. Rf8+ Ke5 59. a6 Rc7+
60. Kb5 Nc3+ 61. Kb4 Nd5+ 62. Kb3 Ra7 63. Rh8 Nc7 64. Rxh4 Rxa6 65. Rxa6 Nxa6
66. Kc4 Nc7 67. Rh1 Ke4 68. Rh6 Ke5 69. Kc5 Nd5 70. Rh1 Nf6 71. f3 Kf4 72. Kd6
e5 73. Rh8 e4 74. fxe4 Nxe4+ 1/2-1/2

[Event "SV Dinslaken 1 - SK Münster 1"]
[Site "Oberliga NRW 2013/2014"]
[Date "2013.10.06"]
[Round "2.3"]
[White "Molinaroli, Martin"]
[Black "Kern, Guido"]
[Result "1-0"]
[WhiteElo "2266"]
[BlackElo "2259"]
[PlyCount "51"]
[EventDate "2013.??.??"]
[WhiteTeam "SK Münster 1"]
[BlackTeam "SV Dinslaken 1"]

1. d4 e6 2. e4 d5 3. Nc3 Nc6 4. e5 a6 5. Nf3 f6 6. a3 fxe5 7. dxe5 Nh6 8. Bd3
Nf7 9. h4 g6 10. Qe2 Bg7 11. Bf4 Qe7 12. O-O-O b5 13. Qe3 Bb7 14. h5 g5 15.
Nxg5 d4 16. Qg3 dxc3 17. Bxh7 cxb2+ 18. Kb1 Ncxe5 19. Nxf7 Qxf7 20. Bg6 Nxg6
21. hxg6 Qf6 22. Rxh8+ Bxh8 23. Bh6 Bg7 24. Bg5 Qxg6 25. Qxc7 Qf7 26. Rd8+ 1-0

[Event "SV Dinslaken 1 - SK Münster 1"]
[Site "Oberliga NRW 2013/2014"]
[Date "2013.10.06"]
[Round "2.4"]
[White "Mundorf, Johannes"]
[Black "Emunds, Hans Georg"]
[Result "1-0"]
[WhiteElo "2183"]
[BlackElo "2203"]
[PlyCount "43"]
[EventDate "2013.??.??"]
[WhiteTeam "SV Dinslaken 1"]
[BlackTeam "SK Münster 1"]

1. Nf3 Nf6 2. g3 b5 3. Bg2 Bb7 4. Na3 a6 5. c4 c6 6. O-O e6 7. b3 Qa5 8. Nc2 c5
9. d4 bxc4 10. Nd2 Bxg2 11. Nxc4 Qc7 12. Kxg2 d5 13. Bf4 Qd8 14. Ne5 Nbd7 15.
Nxd7 Qxd7 16. Rc1 Rc8 17. Ne1 cxd4 18. Rxc8+ Qxc8 19. Qxd4 Bc5 20. Qa4+ Qd7 21.
Qxa6 O-O 22. Nd3 1-0

[Event "SV Dinslaken 1 - SK Münster 1"]
[Site "Oberliga NRW 2013/2014"]
[Date "2013.10.06"]
[Round "2.5"]
[White "Wolter, Kai"]
[Black "Ossig, Rainer"]
[Result "1-0"]
[WhiteElo "2238"]
[BlackElo "2104"]
[PlyCount "39"]
[EventDate "2013.??.??"]
[WhiteTeam "SK Münster 1"]
[BlackTeam "SV Dinslaken 1"]

1. e4 e6 2. Nf3 d5 3. exd5 exd5 4. d4 Bd6 5. c4 c6 6. Nc3 Ne7 7. Bd3 Bg4 8. O-O
dxc4 9. Bxc4 O-O 10. h3 Bh5 11. g4 Bg6 12. Ne5 b5 13. Bb3 b4 14. Ne2 Be4 15.
Nf4 Nd5 16. Qe2 Nxf4 17. Qxe4 Nxh3+ 18. Kg2 Ng5 19. Bxg5 Qxg5 20. Nxf7 1-0

[Event "SV Dinslaken 1 - SK Münster 1"]
[Site "Oberliga NRW 2013/2014"]
[Date "2013.10.06"]
[Round "2.6"]
[White "Jaeger, Martin"]
[Black "Kamp, Christoph"]
[Result "1/2-1/2"]
[WhiteElo "2051"]
[BlackElo "2156"]
[PlyCount "25"]
[EventDate "2013.??.??"]
[WhiteTeam "SV Dinslaken 1"]
[BlackTeam "SK Münster 1"]

1. d4 e6 2. Nf3 d5 3. e3 Nf6 4. Bd3 c5 5. c3 Nc6 6. Nbd2 Bd6 7. O-O O-O 8. dxc5
Bxc5 9. e4 e5 10. exd5 Nxd5 11. Ne4 Be7 12. h3 h6 13. Ng3 1/2-1/2

[Event "SV Dinslaken 1 - SK Münster 1"]
[Site "Oberliga NRW 2013/2014"]
[Date "2013.10.06"]
[Round "2.7"]
[White "Chilla, Jan Eric"]
[Black "Neuer, Thomas"]
[Result "0-1"]
[WhiteElo "2129"]
[BlackElo "2062"]
[Annotator "Doe,John"]
[PlyCount "92"]
[EventDate "2013.??.??"]
[WhiteTeam "SK Münster 1"]
[BlackTeam "SV Dinslaken 1"]

1. Nf3 c5 2. b3 Nf6 3. Bb2 e6 4. g3 b6 5. Bg2 Bb7 6. O-O Be7 7. c4 O-O 8. e3
Qc7 9. Qe2 d6 10. Nc3 a6 11. Rac1 Nbd7 12. d4 cxd4 13. exd4 Rfe8 14. Rfe1 Rac8
15. Bh3 Bf8 16. Ng5 g6 $11 17. Nxf7 Kxf7 18. Bxe6+ Kg7 19. d5 Ne5 20. Bxc8 Bxc8
21. f4 Qc5+ 22. Kg2 Bg4 23. fxe5 Bxe2 24. exf6+ Kf7 25. Rxe2 Rxe2+ 26. Nxe2 Qe3
27. Kf1 Qf3+ 28. Ke1 Qh1+ 29. Kf2 Qxh2+ 30. Kf3 Bh6 31. Re1 Bd2 32. Rd1 Qh6 33.
Bd4 Bg5 34. Kg2 Qh5 35. Kf2 Bxf6 36. Bxb6 Qf5+ 37. Ke1 Ke7 38. Rc1 Kd7 39. b4
Qd3 40. c5 Qb5 41. c6+ Kc8 42. Be3 Qxd5 43. a4 Qb3 44. b5 axb5 45. axb5 Qxe3
46. Rb1 Bc3+ 0-1

[Event "SV Dinslaken 1 - SK Münster 1"]
[Site "Oberliga NRW 2013/2014"]
[Date "2013.10.06"]
[Round "2.8"]
[White "Stillger, Bernhard"]
[Black "Rott, Georg"]
[Result "1-0"]
[WhiteElo "2195"]
[BlackElo "2147"]
[PlyCount "39"]
[EventDate "2013.??.??"]
[WhiteTeam "SV Dinslaken 1"]
[BlackTeam "SK Münster 1"]

1. e4 e6 2. d4 d5 3. Nc3 Bb4 4. e5 c5 5. a3 Bxc3+ 6. bxc3 Qc7 7. Qg4 f5 8. Qg3
Nc6 9. Nf3 cxd4 10. cxd4 Nge7 11. Bd2 O-O 12. Bd3 Nxd4 13. Nxd4 f4 14. Qg5 h6
15. Qh5 Rf5 16. Bxf5 Qxe5+ 17. Qe2 Qxd4 18. Bxe6+ Bxe6 19. Qxe6+ Kf8 20. c3 1-0

[Event "SG Porz 2 - SG Solingen 2"]
[Site "Oberliga NRW 2013/2014"]
[Date "2013.10.06"]
[Round "2.1"]
[White "Hoffmann, Michael"]
[Black "Miedema, David"]
[Result "1/2-1/2"]
[WhiteElo "2424"]
[BlackElo "2402"]
[PlyCount "35"]
[EventDate "2013.??.??"]
[WhiteTeam "SG Solingen 2"]
[BlackTeam "SG Porz 2"]

1. d4 e6 2. c4 d5 3. Nc3 c5 4. cxd5 exd5 5. Nf3 Nc6 6. dxc5 d4 7. Na4 Bxc5 8.
Nxc5 Qa5+ 9. Qd2 Qxc5 10. e3 dxe3 11. Qxe3+ Qxe3+ 12. Bxe3 Nge7 13. Bc4 O-O 14.
O-O Bg4 15. Nd4 Nxd4 16. Bxd4 Rfd8 17. Bc3 Nd5 18. Bxd5 1/2-1/2

[Event "SG Porz 2 - SG Solingen 2"]
[Site "Oberliga NRW 2013/2014"]
[Date "2013.10.06"]
[Round "2.2"]
[White "Korotkjevich, Stanislav"]
[Black "Wegerle, Joerg"]
[Result "1/2-1/2"]
[WhiteElo "2354"]
[BlackElo "2452"]
[PlyCount "81"]
[EventDate "2013.??.??"]
[WhiteTeam "SG Porz 2"]
[BlackTeam "SG Solingen 2"]

1. Nf3 Nf6 2. c4 e6 3. Nc3 Bb4 4. Qc2 b6 5. a3 Bxc3 6. Qxc3 Bb7 7. d3 d6 8. g3
O-O 9. Bg2 c5 10. O-O Qe7 11. b4 Nbd7 12. Rb1 Rfd8 13. e4 Qf8 14. Nh4 Rac8 15.
b5 d5 16. Re1 dxe4 17. dxe4 Ne8 18. Bb2 Qe7 19. f4 Rc7 20. Nf3 f6 21. Rbd1 Nf8
22. e5 f5 23. Rxd8 Qxd8 24. Re2 Rd7 25. Rd2 Rxd2 26. Qxd2 Qxd2 27. Nxd2 Bxg2
28. Kxg2 Nc7 29. a4 Nd7 30. Bc3 a6 31. Kf3 Kf7 32. h3 h6 33. Nb3 axb5 34. cxb5
Nd5 35. Be1 c4 36. Nd2 Nc5 37. Nxc4 Nxa4 38. Bf2 Nac3 39. Nd6+ Kf8 40. Bd4 g6
41. Bxc3 1/2-1/2

[Event "SG Porz 2 - SG Solingen 2"]
[Site "Oberliga NRW 2013/2014"]
[Date "2013.10.06"]
[Round "2.3"]
[White "Schaefer, Markus"]
[Black "Malykin, Vitaly"]
[Result "1/2-1/2"]
[WhiteElo "2405"]
[BlackElo "2321"]
[PlyCount "53"]
[EventDate "2013.??.??"]
[WhiteTeam "SG Solingen 2"]
[BlackTeam "SG Porz 2"]

1. e4 g6 2. d4 Bg7 3. Nf3 d6 4. c3 Nf6 5. Qc2 O-O 6. Be2 Nbd7 7. O-O e5 8. dxe5
Nxe5 9. Nxe5 dxe5 10. Na3 Be6 11. Nc4 Nh5 12. Rd1 Qc8 13. b3 Nf4 14. Bf1 b5 15.
Ne3 Qb7 16. c4 c6 17. Bb2 Rfd8 18. Rxd8+ Rxd8 19. Rd1 Rc8 20. Qd2 f6 21. cxb5
cxb5 22. Nd5 Nxd5 23. exd5 Bg4 24. Be2 Bxe2 25. Qxe2 Rd8 26. Qd2 Bf8 27. b4
1/2-1/2

[Event "SG Porz 2 - SG Solingen 2"]
[Site "Oberliga NRW 2013/2014"]
[Date "2013.10.06"]
[Round "2.4"]
[White "Gallinnis, Norbert"]
[Black "Michalczak, Thomas"]
[Result "0-1"]
[WhiteElo "2268"]
[BlackElo "2279"]
[PlyCount "82"]
[EventDate "2013.??.??"]
[WhiteTeam "SG Porz 2"]
[BlackTeam "SG Solingen 2"]

1. e4 e5 2. Ne2 Nf6 3. f4 exf4 4. Nxf4 Nc6 5. Nc3 Bc5 6. d3 O-O 7. Be2 a6 8.
Bf3 Re8 9. Kf1 d6 10. Bd2 Ne5 11. Qe1 d5 12. Qg3 Nc4 13. Bc1 dxe4 14. Nxe4 Nxe4
15. Bxe4 Nd6 16. Be3 Bxe3 17. Qxe3 Qf6 18. Kg1 Qxb2 19. Rf1 Bf5 20. h4 Bxe4 21.
dxe4 Rxe4 22. Qf2 Rae8 23. Rh3 Qd4 24. Rd3 Qxf2+ 25. Rxf2 Ra4 26. Nd5 Nb5 27.
h5 h6 28. Rdf3 f6 29. Nf4 Re1+ 30. Kh2 Rxa2 31. Ng6 Raa1 32. g4 Rh1+ 33. Kg3
Rhg1+ 34. Kh2 Rh1+ 35. Kg3 Rhg1+ 36. Kh2 Nd6 37. Rf4 Rh1+ 38. Kg3 Rag1+ 39. Kf3
Rh3+ 40. Ke2 Rhg3 41. c4 Rc1 0-1

[Event "SG Porz 2 - SG Solingen 2"]
[Site "Oberliga NRW 2013/2014"]
[Date "2013.10.06"]
[Round "2.5"]
[White "Berg, Michael"]
[Black "Peschlow, Patrick"]
[Result "1/2-1/2"]
[WhiteElo "2282"]
[BlackElo "2306"]
[PlyCount "26"]
[EventDate "2013.??.??"]
[WhiteTeam "SG Solingen 2"]
[BlackTeam "SG Porz 2"]

1. d4 Nf6 2. c4 g6 3. Nc3 d5 4. Nf3 Bg7 5. Qb3 dxc4 6. Qxc4 O-O 7. e4 Nc6 8.
Be2 Bg4 9. d5 Na5 10. Qa4 Bxf3 11. Bxf3 c6 12. O-O b5 13. Qb4 a6 1/2-1/2

[Event "SG Porz 2 - SG Solingen 2"]
[Site "Oberliga NRW 2013/2014"]
[Date "2013.10.06"]
[Round "2.6"]
[White "Wagenknecht, Uwe"]
[Black "Gupta, Milon"]
[Result "1/2-1/2"]
[WhiteElo "2165"]
[BlackElo "2231"]
[PlyCount "79"]
[EventDate "2013.??.??"]
[WhiteTeam "SG Porz 2"]
[BlackTeam "SG Solingen 2"]

1. Nf3 Nf6 2. c4 g6 3. Nc3 d5 4. cxd5 Nxd5 5. g3 Bg7 6. Bg2 c5 7. Qa4+ Nc6 8.
Qc4 Ndb4 9. O-O Na6 10. Ng5 Ne5 11. Qb5+ Qd7 12. Qxd7+ Nxd7 13. d3 h6 14. Nf3
Nc7 15. Be3 e5 16. Rfc1 Bf8 17. Nd2 Rb8 18. f4 Ne6 19. Nb5 exf4 20. gxf4 Bg7
21. Rc2 a6 22. Nd6+ Ke7 23. Nxc8+ Rhxc8 24. Nf3 Nd4 25. Bxd4 cxd4 26. Rac1 Kd8
27. Bh3 Rxc2 28. Rxc2 Rc8 29. Rxc8+ Kxc8 30. Ne5 Bxe5 31. fxe5 Kc7 32. e6 fxe6
33. Bxe6 Nc5 34. Bf7 g5 35. Kf2 Kd6 36. b4 Nd7 37. Bg6 b6 38. e3 Ne5 39. Bf5
Nc6 40. a3 1/2-1/2

[Event "SG Porz 2 - SG Solingen 2"]
[Site "Oberliga NRW 2013/2014"]
[Date "2013.10.06"]
[Round "2.7"]
[White "Lemanczyk, Thomas"]
[Black "Kremser, Michael"]
[Result "1-0"]
[WhiteElo "2156"]
[BlackElo "2051"]
[PlyCount "79"]
[EventDate "2013.??.??"]
[WhiteTeam "SG Solingen 2"]
[BlackTeam "SG Porz 2"]

1. Nf3 d5 2. b3 Nf6 3. Bb2 e6 4. e3 Nbd7 5. d4 Bb4+ 6. c3 Bd6 7. Nbd2 e5 8.
dxe5 Nxe5 9. Nxe5 Bxe5 10. Nf3 Bd6 11. Be2 Qe7 12. Nd4 O-O 13. Nb5 Be5 14. O-O
c5 15. Bf3 Rd8 16. Qe2 Ne4 17. Rac1 Qf6 18. Rfd1 Bf5 19. Qe1 a6 20. Na3 b5 21.
Ba1 Qg6 22. Qe2 b4 23. Nb1 Ng5 24. Bh5 Nh3+ 25. Kf1 Qg5 26. gxh3 bxc3 27. Bxc3
Bxh3+ 28. Ke1 d4 29. Qf3 dxe3 30. Bxe5 Qxe5 31. Qxh3 exf2+ 32. Kxf2 Rxd1 33.
Rxd1 Re8 34. Nc3 g6 35. Be2 Re6 36. Qg3 Qf5+ 37. Kg1 c4 38. Bg4 Qc5+ 39. Qf2
Re3 40. Nd5 1-0

[Event "SG Porz 2 - SG Solingen 2"]
[Site "Oberliga NRW 2013/2014"]
[Date "2013.10.06"]
[Round "2.8"]
[White "Evers, Leo"]
[Black "Schlecht, Daniel"]
[Result "0-1"]
[WhiteElo "2029"]
[BlackElo "2290"]
[Annotator "Doe,John"]
[PlyCount "116"]
[EventDate "2013.??.??"]
[WhiteTeam "SG Porz 2"]
[BlackTeam "SG Solingen 2"]

1. d4 d5 2. c4 c6 3. Nf3 Nf6 4. Nbd2 Bf5 5. Nh4 Be4 6. f3 Bg6 7. Qb3 Qc7 8. e4
dxe4 9. fxe4 e5 10. Nxg6 hxg6 11. dxe5 Ng4 12. Be2 Nxe5 13. Nf3 Nbd7 14. Be3
Nxf3+ 15. Bxf3 Bc5 16. O-O-O Qb6 17. Bxc5 Qxb3 18. axb3 Nxc5 19. Kc2 a5 20. Kc3
Ke7 21. h3 Rhd8 22. Rhe1 Ke6 23. e5 Rxd1 24. Bg4+ Ke7 25. Bxd1 Rd8 26. Bc2 Ke6
27. b4 axb4+ 28. Kxb4 Nd7 29. c5 Nxe5 30. Bb3+ Kf6 31. Rf1+ Ke7 32. Re1 f6 33.
Re2 Kd7 34. Rd2+ Kc7 35. Rxd8 Kxd8 36. Kc3 g5 37. Be6 Kc7 38. Kd4 b6 39. b4 Kb7
40. Kc3 Ka6 41. cxb6 Kxb6 42. Bb3 $11 Kc7 43. Kd4 Kd6 44. Bc2 Nd7 45. Bb3 Nf8
46. Bf7 Nd7 47. Bb3 Nb6 48. Bf7 Nc8 49. Bg6 Ne7 50. Be4 g6 51. Kc4 Nf5 52. Bxf5
gxf5 53. Kd4 f4 54. Ke4 Ke6 55. Kd4 f5 56. Kc5 g4 57. Kd4 f3 58. gxf3 gxh3 0-1

[Event "SV Castrop-Rauxel 1 - Klub Kölner SF 1"]
[Site "Oberliga NRW 2013/2014"]
[Date "2013.10.06"]
[Round "2.1"]
[White "Morawietz, Dieter"]
[Black "De Jong, Jan-Willem"]
[Result "1/2-1/2"]
[WhiteElo "2311"]
[BlackElo "2447"]
[PlyCount "79"]
[EventDate "2013.??.??"]
[WhiteTeam "Klub Kölner SF 1"]
[BlackTeam "SV Castrop-Rauxel 1"]

1. e4 e5 2. Nf3 Nc6 3. Bb5 a6 4. Ba4 Nf6 5. O-O Be7 6. Re1 b5 7. Bb3 d6 8. c3
O-O 9. h3 Nb8 10. d4 Nbd7 11. Nbd2 Bb7 12. Bc2 Re8 13. Nf1 d5 14. Ng3 Nxe4 15.
Nxe4 dxe4 16. Bxe4 Bxe4 17. Rxe4 exd4 18. Rxd4 Bd6 19. Bg5 Qc8 20. Bf4 Bxf4 21.
Rxf4 Nf8 22. Qc2 Qe6 23. Nd4 Qd5 24. Nf5 Rad8 25. Rd4 Qe5 26. a4 Rxd4 27. cxd4
Qe4 28. Qxe4 Rxe4 29. axb5 axb5 30. d5 g6 31. Ne3 Nd7 32. Ra7 Nf6 33. Rxc7 Kg7
34. g4 h6 35. Kg2 Rb4 36. Rc2 Rd4 37. Rc5 Rb4 38. Rc2 Rd4 39. Rc5 Rb4 40. Rc2
1/2-1/2

[Event "SV Castrop-Rauxel 1 - Klub Kölner SF 1"]
[Site "Oberliga NRW 2013/2014"]
[Date "2013.10.06"]
[Round "2.2"]
[White "Van Eijk, Sander"]
[Black "Helbig, Mark"]
[Result "1/2-1/2"]
[WhiteElo "2396"]
[BlackElo "2242"]
[PlyCount "82"]
[EventDate "2013.??.??"]
[WhiteTeam "SV Castrop-Rauxel 1"]
[BlackTeam "Klub Kölner SF 1"]

1. e4 c6 2. c4 d5 3. exd5 cxd5 4. cxd5 Nf6 5. Qa4+ Nbd7 6. Nc3 g6 7. Bc4 Bg7 8.
d3 O-O 9. Nge2 a6 10. Qa3 b6 11. O-O Bb7 12. Be3 b5 13. Bb3 Nb6 14. Bxb6 Qxb6
15. Qxe7 Rfe8 16. Qb4 a5 17. Qd4 Nxd5 18. Nxd5 Bxd4 19. Nxb6 Bxb6 20. Nc3 Re5
21. Rae1 Rae8 22. Rxe5 Rxe5 23. Rc1 Rf5 24. Nd1 a4 25. Bc2 Rc5 26. Ne3 Rc7 27.
Kf1 Kg7 28. Ke2 f5 29. g3 Kf6 30. h4 h6 31. b3 axb3 32. axb3 g5 33. hxg5+ hxg5
34. b4 Bd4 35. Nd1 f4 36. gxf4 gxf4 37. Kd2 Bf3 38. Bb3 Rxc1 39. Kxc1 Ke5 40.
Bf7 Bxd1 41. Kxd1 Bc3 1/2-1/2

[Event "SV Castrop-Rauxel 1 - Klub Kölner SF 1"]
[Site "Oberliga NRW 2013/2014"]
[Date "2013.10.06"]
[Round "2.3"]
[White "Zuse, Peter"]
[Black "Kartsev, Alexandr"]
[Result "1-0"]
[WhiteElo "2257"]
[BlackElo "2189"]
[Annotator "Doe,John"]
[PlyCount "81"]
[EventDate "2013.??.??"]
[WhiteTeam "Klub Kölner SF 1"]
[BlackTeam "SV Castrop-Rauxel 1"]

1. e4 c6 2. d4 d5 3. Nc3 dxe4 4. Nxe4 Bf5 5. Ng3 Bg6 6. Nh3 e6 7. Nf4 Bd6 8.
Nxg6 hxg6 9. Ne4 Be7 10. Be3 Nf6 11. Bd3 Nbd7 12. Qe2 Nxe4 13. Bxe4 Nf6 14. Bf3
Qa5+ 15. c3 Rd8 16. a3 Nd5 17. Bd2 Qc7 18. g3 Bf6 19. O-O O-O 20. Rfe1 Rfe8 21.
Rad1 Qb6 22. Bc1 Qb3 $11 23. Kg2 Re7 24. Rd3 Red7 25. Qd1 Qb5 26. Qc2 Qb6 27.
Rdd1 Rc8 28. h4 Rcd8 29. Re4 c5 30. dxc5 Qxc5 31. c4 Nb6 32. Rxd7 Rxd7 33. b4
Qc7 34. c5 Nd5 35. Rc4 Rd8 36. Bb2 Bxb2 37. Qxb2 a6 38. Qc2 Qc6 39. Rd4 e5 40.
Rxd5 Rxd5 41. Qb3 1-0

[Event "SV Castrop-Rauxel 1 - Klub Kölner SF 1"]
[Site "Oberliga NRW 2013/2014"]
[Date "2013.10.06"]
[Round "2.4"]
[White "Kartsev, Soel"]
[Black "Bonnmann, Reinhard"]
[Result "0-1"]
[WhiteElo "2223"]
[BlackElo "2189"]
[PlyCount "72"]
[EventDate "2013.??.??"]
[WhiteTeam "SV Castrop-Rauxel 1"]
[BlackTeam "Klub Kölner SF 1"]

1. e4 c5 2. c3 d5 3. exd5 Qxd5 4. d4 g6 5. Nf3 Bg7 6. Na3 Nh6 7. Bc4 Qe4+ 8.
Be3 cxd4 9. cxd4 O-O 10. O-O Bg4 11. Ng5 Qxe3 12. fxe3 Bxd1 13. Raxd1 Nc6 14.
Rf3 e6 15. h3 Na5 16. Bd3 Nf5 17. Nc2 Nc6 18. Ne4 Rfd8 19. g4 Nd6 20. Nc5 e5
21. d5 Ne7 22. e4 Rac8 23. b4 b6 24. Nb3 Rc3 25. Ne3 Bh6 26. Kf2 f5 27. gxf5
gxf5 28. exf5 e4 29. Rg3+ Kh8 30. Bb1 Bf4 31. Nf1 Bxg3+ 32. Nxg3 Rf3+ 33. Ke2
Rxg3 34. f6 Nef5 35. Rf1 Rxh3 36. Nd2 Ng3+ 0-1

[Event "SV Castrop-Rauxel 1 - Klub Kölner SF 1"]
[Site "Oberliga NRW 2013/2014"]
[Date "2013.10.06"]
[Round "2.5"]
[White "Wisskirchen, Andreas"]
[Black "Kusnetsov, Mark"]
[Result "0-1"]
[WhiteElo "2185"]
[BlackElo "2148"]
[PlyCount "78"]
[EventDate "2013.??.??"]
[WhiteTeam "Klub Kölner SF 1"]
[BlackTeam "SV Castrop-Rauxel 1"]

1. Nf3 Nf6 2. d4 d5 3. c4 e6 4. Nc3 c6 5. e3 Nbd7 6. Qc2 Bd6 7. Be2 O-O 8. O-O
dxc4 9. Bxc4 b5 10. Bd3 Bb7 11. Bd2 Rc8 12. Rae1 c5 13. Nxb5 cxd4 14. Qb1 Ne5
15. Nxe5 Bxe5 16. exd4 Qd5 17. f3 Bb8 18. Re2 Rfd8 19. Be3 Qh5 20. h3 Nd5 21.
Bd2 Nf4 22. Bxf4 Bxf4 23. Nc3 Rxd4 24. Ree1 Bb8 25. Ne2 Rh4 26. Be4 Qc5+ 27.
Kh1 Qe5 28. Kg1 Rxe4 29. fxe4 Bxe4 30. Qd1 Qh2+ 31. Kf2 Qxg2+ 32. Ke3 f5 33.
Qd7 Qg5+ 34. Kf2 Rd8 35. Qxe6+ Kh8 36. Rd1 Qg2+ 37. Ke3 Qxh3+ 38. Kf2 Qf3+ 39.
Ke1 Bg3+ 0-1

[Event "SV Castrop-Rauxel 1 - Klub Kölner SF 1"]
[Site "Oberliga NRW 2013/2014"]
[Date "2013.10.06"]
[Round "2.6"]
[White "Boehnke, Martin"]
[Black "Meertens, Martin"]
[Result "1/2-1/2"]
[WhiteElo "2103"]
[BlackElo "2165"]
[PlyCount "30"]
[EventDate "2013.??.??"]
[WhiteTeam "SV Castrop-Rauxel 1"]
[BlackTeam "Klub Kölner SF 1"]

1. d4 d5 2. c4 c6 3. Nf3 Nf6 4. Nc3 a6 5. cxd5 cxd5 6. Bf4 Nc6 7. e3 e6 8. Bd3
Bd6 9. Bxd6 Qxd6 10. O-O O-O 11. Rc1 Bd7 12. Qe2 e5 13. dxe5 Nxe5 14. Nxe5 Qxe5
15. Qf3 Rac8 1/2-1/2

[Event "SV Castrop-Rauxel 1 - Klub Kölner SF 1"]
[Site "Oberliga NRW 2013/2014"]
[Date "2013.10.06"]
[Round "2.7"]
[White "Ludwig, Peter"]
[Black "Hille, Ralph Ingo"]
[Result "1-0"]
[WhiteElo "2130"]
[BlackElo "2066"]
[Annotator "Doe,John"]
[PlyCount "107"]
[EventDate "2013.??.??"]
[WhiteTeam "Klub Kölner SF 1"]
[BlackTeam "SV Castrop-Rauxel 1"]

1. Nf3 b6 2. e4 Bb7 3. Nc3 e6 4. d4 Bb4 5. Bd3 Nf6 6. Qe2 d5 7. O-O Bxc3 8. e5
Bb4 9. exf6 gxf6 10. c3 Be7 11. Bf4 Nd7 12. Rfe1 Nf8 13. a4 a5 14. Bh6 Ng6 15.
h4 Bf8 16. Bd2 Bd6 17. g3 Kd7 18. b4 c6 19. Reb1 Qc7 20. bxa5 bxa5 21. c4 dxc4
$11 22. Bxc4 Ne7 23. Be1 Rhb8 24. Rd1 Nd5 25. Nd2 f5 26. Qh5 Ke7 27. Bxd5 cxd5
28. Nf3 Rg8 29. Rdc1 Qd7 30. Bd2 f4 31. Ne5 Bxe5 32. dxe5 d4 33. Bxf4 Qd5 34.
Rc7+ Kd8 35. Rxb7 Qxb7 36. Qxh7 Rf8 37. Bh6 Ke7 38. Rd1 Rac8 39. Bxf8+ Kxf8 40.
h5 Qf3 41. Qh8+ Ke7 42. Qxc8 Qxd1+ 43. Kg2 Qxh5 44. Qc5+ Ke8 45. Qxa5 Qd1 46.
Qa8+ Ke7 47. Qb7+ Kf8 48. a5 d3 49. a6 d2 50. a7 Qh5 51. a8=Q+ Kg7 52. Qbb8
d1=Q 53. Qg8+ Kh6 54. Qh8+ 1-0

[Event "SV Castrop-Rauxel 1 - Klub Kölner SF 1"]
[Site "Oberliga NRW 2013/2014"]
[Date "2013.10.06"]
[Round "2.8"]
[White "Werrn, Pascal"]
[Black "Graf, Peter"]
[Result "1-0"]
[WhiteElo "2021"]
[BlackElo "1981"]
[PlyCount "79"]
[EventDate "2013.??.??"]
[WhiteTeam "SV Castrop-Rauxel 1"]
[BlackTeam "Klub Kölner SF 1"]

1. d4 Nf6 2. Nf3 e6 3. Bf4 b6 4. e3 Be7 5. Bd3 Bb7 6. Nbd2 O-O 7. e4 d6 8. O-O
Nbd7 9. h3 Nh5 10. Bh2 g6 11. Qe2 Re8 12. Rad1 Bf8 13. g4 Ng7 14. e5 d5 15. Bf4
c5 16. c3 c4 17. Bb1 b5 18. Kg2 b4 19. Rh1 a5 20. Nf1 a4 21. cxb4 Bxb4 22. a3
Be7 23. Bd2 Qb6 24. Bc3 Bc6 25. Ng3 Reb8 26. h4 Qd8 27. Qd2 Rb7 28. h5 Nf8 29.
Qh6 Be8 30. Rhg1 Rab8 31. Kh1 Rxb2 32. hxg6 fxg6 33. Bxb2 Rxb2 34. Nh5 Nxh5 35.
gxh5 Rxf2 36. hxg6 hxg6 37. Bxg6 Nxg6 38. Rxg6+ Bxg6 39. Qxg6+ Kh8 40. Qh5+ 1-0

[Event "SK Turm Emsdetten 2 - SV Wattenscheid 2"]
[Site "Oberliga NRW 2013/2014"]
[Date "2013.10.06"]
[Round "2.2"]
[White "Kabatianski, Alexander"]
[Black "Straeter, Timo"]
[Result "1-0"]
[WhiteElo "2422"]
[BlackElo "2320"]
[PlyCount "57"]
[EventDate "2013.??.??"]
[WhiteTeam "SK Turm Emsdetten 2"]
[BlackTeam "SV Wattenscheid 2"]

1. d4 d5 2. c4 c6 3. Nf3 Nf6 4. Nc3 dxc4 5. a4 Bf5 6. e3 e6 7. Bxc4 Bb4 8. O-O
Nbd7 9. Qb3 Qb6 10. e4 Bg6 11. Bxe6 fxe6 12. a5 Qc7 13. Qxb4 Nxe4 14. Re1 Ndf6
15. Ne5 Bf5 16. f3 Nxc3 17. bxc3 Nd5 18. Qa3 h6 19. c4 Ne7 20. g4 Bh7 21. d5
exd5 22. cxd5 O-O-O 23. dxc6 Nxc6 24. Bf4 Rd4 25. Nxc6 Qxc6 26. Rac1 Bc2 27.
Qb2 Rc4 28. Qe5 Qxf3 29. Qe6+ 1-0